Statistiques concernant Personnalités françaises par années de naissance

Cliquez ici pour prendre le quiz!

Statistiques générales

  • Ce quiz a été pris 163 fois
  • Le résultat moyen est 7 sur 16

Statistiques - réponses

HintRéponse% Correct
Charles de Gaulle1890
86%
Kev Adams1991
69%
Zinédine Zidane1972
55%
Marguerite Duras1914
53%
Louane1996
53%
Alain Delon1935
51%
Emmanuel Macron1977
50%
Tony Parker1982
48%
Catherine Deneuve1943
46%
Sophie Marceau1966
43%
Cyril Féraud1985
32%
Jean-Jacques Goldman1951
31%
Claire Chazal1956
30%
Mylène Farmer1961
30%
Amélie Mauresmo1979
29%
Anne Hidalgo1959
18%

Distribution des résultats

Percentile par nombre de réponses

% des personnes avec chaque résultat

Votre développement - résultats

Vous n’avez pas pris ce quiz